000 00965cab a2200253 4500
001 WB3020-07
008 090401t1994 xxu||||| |||| 00| 0 eng d
035 _a(Sirsi) u58242
041 _aeng
245 _aProperty Holdings: risky devolution
260 _c1994
350 _a0
490 _aEstates Times
_v(1236) 27 May 1994, 1
490 _aRICS Press Release
_v(PR87/94Comm) 26 May 1994, (3)
520 _aIn response to the Cabinet Office Efficiency Unit report on the future management of government property assets, the RICS says that there are large risks in devolving central, strategic control of the massive government property estate to individual Government departments and agencies.
650 _aCABINET OFFICE EFFICIENCY UNIT
650 _aCIVIL ESTATE
650 _aGOVERNMENT PROPERTY
650 _aPROPERTY ASSETS
650 _aPROPERTY HOLDINGS
690 _aCOMMERCIAL PROPERTY-MANAGEMENT
942 _n0
948 _c04/03/1997
999 _c35537
_d35537